College Quizbowl Stats
College Quizbowl Stats
Circuits
Seasons
Sets
Records
Detailed Stats
About
Loading...
2024 Booster Shot (Great Lakes)
Tossups
Bonuses
Players
Teams
Categories (Tossup)
Categories (Bonus)
Justin Kenny
Iowa State A
Categories
Category
Powers
Gets
Negs
BBs
Points
Earliest Buzz
Avg. Buzz
First Buzzes
Top 3 Buzzes
History - European History
2
1
0
0
40
16
43.33
1
3
Fine Arts - Other Fine Arts
0
1
0
1
10
135
135.00
0
0
History - World History
0
1
0
0
10
76
76.00
0
1
Philosophy
0
1
0
0
10
124
124.00
0
0
Buzzes
Category
Answer
Value
Buzz Position
History - European History
Battle of Agincourt
15
16
History - European History
Byzantine Emperor
15
49
History - European History
English Civil Wars
10
65
History - World History
Tenochtitlan
10
76
Philosophy
Michel de Montaigne
10
124
Fine Arts - Other Fine Arts
King Kong
10
135
Previous
1
Next